Teoretické prístupy k udržateľnému rozvoju: Environmentálna, ekonomická a sociálna dimenzia v kontexte Agendy 2030

Koncept udržateľného rozvoja patrí v súčasnosti medzi najvýznamnejšie teoretické a politické rámce, ktoré formujú medzinárodný diskurz o budúcnosti planéty a spoločnosti. Jeho vznik a evolúcia sú úzko späté s rastúcimi environmentálnymi výzvami, rastúcou sociálnou nerovnosťou a otázkami dlhodobej ek...

Descrizione completa

Salvato in:
Dettagli Bibliografici
Autore principale: Jurovčáková, Tatiana, 2001-
Natura: Capitolo di libro
Lingua:slovacco
Soggetti:
Tags: Aggiungi Tag
Nessun Tag, puoi essere il primo ad aggiungerne!!

MARC

LEADER 00000naa$a2200000$$$4500
001 0313943
005 20260114082519.1
041 0 |a slo 
044 |a SK 
245 1 0 |a Teoretické prístupy k udržateľnému rozvoju: Environmentálna, ekonomická a sociálna dimenzia v kontexte Agendy 2030  |c Tatiana Jurovčáková 
520 |a Koncept udržateľného rozvoja patrí v súčasnosti medzi najvýznamnejšie teoretické a politické rámce, ktoré formujú medzinárodný diskurz o budúcnosti planéty a spoločnosti. Jeho vznik a evolúcia sú úzko späté s rastúcimi environmentálnymi výzvami, rastúcou sociálnou nerovnosťou a otázkami dlhodobej ekonomickej stability. Kľúčovým medzníkom bolo publikovanie Správy Svetovej komisie pre životné prostredie a rozvoj (World Commission on Environment and Development – WCED) v roku 1987, ktorá definovala udržateľný rozvoj ako „rozvoj, ktorý napĺňa potreby súčasnosti bez ohrozenia možností budúcich generácií napĺňať ich vlastné potreby“ (WCED, 1987). 
610 2 0 |a environmentalistika 
610 2 0 |a investície rozvojové 
610 2 0 |a udržateľnosť 
610 2 0 |a rozvoj trvalo udržateľný 
610 2 0 |a produkt domáci hrubý 
610 2 0 |a kvalita života 
610 2 0 |a Európska banka pre obnovu a rozvoj 
100 1 |a Jurovčáková, Tatiana, 2001-